| 000 | 00453cam a2200157 i 4500 | ||
|---|---|---|---|
| 020 | _a0131573217 : | ||
| 040 | _cDLC | ||
| 082 | 0 | 0 | _a658 PRE 1979 A041 Or. |
| 100 | 1 | _aCummings, Jack, | |
| 245 | 1 | 0 | _aComplete handbook of how to "farm" real estate listings and sales / |
| 260 |
_aEnglewood Cliffs, N.J. : _bPrentice-Hall, _cc1979. |
||
| 300 |
_a270 p. : _bill. ; _c26 cm. |
||
| 500 | _aIncludes index. | ||
| 650 | 0 | _aReal estate listings. | |
| 942 | _cEK | ||
| 999 |
_c12447 _d12447 |
||